STEP BY STEP ULTRASOUND IN GYNECOLOGY WITH CD (Record no. 796509)

MARC details
000 -LEADER
fixed length control field 00544pam a2200193 a 4500
020 ## - INTERNATIONAL STANDARD BOOK NUMBER
International Standard Book Number 818061302X
Terms of availability 325.00P
041 ## - LANGUAGE CODE
Language code of text/sound track or separate title eng
Language code of original NULL
082 ## - DEWEY DECIMAL CLASSIFICATION NUMBER
Classification number 618.2
Item number SIN/MAL
100 ## - MAIN ENTRY--PERSONAL NAME
Personal name SINGH, K .MALHOTRA N.
245 ## - TITLE STATEMENT
Title STEP BY STEP ULTRASOUND IN GYNECOLOGY WITH CD
Statement of responsibility, etc. NULL.
Medium Textual Documents
260 ## - PUBLICATION, DISTRIBUTION, ETC.
Place of publication, distribution, etc. NULL :
Name of publisher, distributor, etc. JAYPEE BROTHERS MEDICAL PUB. ,
Date of publication, distribution, etc. 2004.
300 ## - PHYSICAL DESCRIPTION
Extent 130 : :
Other physical details XIII ;
Dimensions A4 . +
Accompanying material PB.
365 ## - TRADE PRICE
Price type code 325.00P
Price note 1
650 ## - SUBJECT ADDED ENTRY--TOPICAL TERM
Topical term or geographic name entry element OBST.GYNE
700 ## - ADDED ENTRY--PERSONAL NAME
Personal name MALHOTRA, N .
907 ## - LOCAL DATA ELEMENT G, LDG (RLIN)
a 4932
930 ## - EQUIVALENCE OR CROSS-REFERENCE-UNIFORM TITLE HEADING [LOCAL, CANADA]
Uniform title 1973
Holdings
Withdrawn status Lost status Damaged status Not for loan Collection Home library Current library Date acquired Source of acquisition Total Checkouts Full call number Barcode Date last seen Copy number Price effective from Koha item type
          Medical College & Hospital, Sangli Medical College & Hospital, Sangli 01/09/2007 B.M.S.G.B.PUNE   618.2 SIN/MAL MCS-4932 26/07/2023 2 26/07/2023 Book
          Medical College & Hospital, Sangli Medical College & Hospital, Sangli 01/09/2007 B.M.S.G.B.PUNE   618.2 SIN/MAL MCS-4931 26/07/2023 1 26/07/2023 Book